[Event "GER Seniors Derby 13th"]
[Site "Wesel Undeloh"]
[Date "2014.05.10"]
[Round "7"]
[White "Martin, Michael2222"]
[Black "Nozulak, Joachim"]
[Result "1/2-1/2"]
[WhiteElo "1372"]
[BlackElo "1307"]
[PlyCount "80"]
[EventDate "2014.05.07"]
[EventType "swiss"]
[EventRounds "9"]
[EventCountry "GER"]
[SourceTitle "EXT 2018"]
[Source "ChessBase"]
[SourceDate "2017.10.13"]
[SourceVersion "1"]
[SourceVersionDate "2017.10.13"]
[SourceQuality "1"]

1. e4 e5 2. Nf3 Nc6 3. c3 Nf6 4. Qc2 d6 5. h3 Be7 6. Bb5 Bd7 7. d3 a6 8. Bxc6 Bxc6 9. 0-0 0-0 10. Be3 b6 11. Nbd2 Bb7 12. c4 c5 13. b3 Nd7 14. Nh2 f5 15. f3 f4 16. Bf2 Bh4 17. Kh1 Bc8 18. Qd1 Qg5 19. Bxh4 Qxh4 20. Qe1 Qg3 21. Qxg3 fxg3 22. Ng4 h5 23. Ne3 h4 24. Nf5 g5 25. Nxd6 Rd8 26. Rad1 Nf6 27. Nxc8 Raxc8 28. Nb1 Nh5 29. Nc3 Nf4 30. Nd5 Nxd5 31. cxd5 a5 32. Rd2 Kf7 33. Rc1 Ke7 34. Kg1 Rd7 35. Kf1 b5 36. a3 Ra7 37. Rdc2 Rac7 38. Ke2 Kd7 39. f4 gxf4 40. Kf3 Kd6 1/2-1/2

[Event "GER Seniors Derby 13th"]
[Site "Wesel Undeloh"]
[Date "2014.05.08"]
[Round "3"]
[White "Nozulak, Joachim"]
[Black "Ohst, Edgar"]
[Result "1/2-1/2"]
[WhiteElo "1307"]
[BlackElo "1640"]
[PlyCount "112"]
[EventDate "2014.05.07"]
[EventType "swiss"]
[EventRounds "9"]
[EventCountry "GER"]
[SourceTitle "EXT 2018"]
[Source "ChessBase"]
[SourceDate "2017.10.13"]
[SourceVersion "1"]
[SourceVersionDate "2017.10.13"]
[SourceQuality "1"]

1. d4 Nf6 2. Nf3 d5 3. e3 Bf5 4. c4 dxc4 5. Bxc4 e6 6. a3 Be7 7. Nc3 0-0 8. 0-0 a6 9. Re1 Ne4 10. Nxe4 Bxe4 11. Bd3 Bxd3 12. Qxd3 Nd7 13. b4 b6 14. Bb2 c5 15. bxc5 Nxc5 16. Qe2 Na4 17. Rac1 Nxb2 18. Qxb2 Bf6 19. Rc6 b5 20. Rec1 Qa5 21. Qb4 Qxb4 22. axb4 h6 23. Ne5 Bxe5 24. dxe5 Rfb8 25. Ra1 Rc8 26. Rac1 Rxc6 27. Rxc6 a5 28. bxa5 Rxa5 29. g3 Kh7 30. Rb6 Ra1+ 31. Kg2 Rb1 32. h4 h5 33. Kf3 Kg6 34. Ke4 Rb2 35. f4 Rb4+ 36. Kf3 Kh7 37. Ke2 g6 38. Kf3 Kg7 39. Ke2 Rb2+ 40. Kf3 b4 41. Rb7 b3 42. Ke4 Rb1 43. Rb6 b2 44. Rb7 Rg1 45. Rxb2 Rxg3 46. Rh2 f6 47. exf6+ Kxf6 48. Rh1 Rg4 49. Kf3 e5 50. fxe5+ Kxe5 51. Rh3 Kf5 52. Rh1 Ra4 53. Rh3 Ra1 54. Rh2 Rb1 55. Rf2 Rg1 56. Ke2+ Ke5 1/2-1/2

[Event "GER Seniors Derby 13th"]
[Site "Wesel Undeloh"]
[Date "2014.05.07"]
[Round "2"]
[White "Kobs, Gerald"]
[Black "Nozulak, Joachim"]
[Result "1-0"]
[WhiteElo "1931"]
[BlackElo "1307"]
[PlyCount "41"]
[EventDate "2014.05.07"]
[EventType "swiss"]
[EventRounds "9"]
[EventCountry "GER"]
[SourceTitle "EXT 2018"]
[Source "ChessBase"]
[SourceDate "2017.10.13"]
[SourceVersion "1"]
[SourceVersionDate "2017.10.13"]
[SourceQuality "1"]

1. e4 c5 2. Nf3 Nc6 3. d4 cxd4 4. Nxd4 g6 5. Be3 e5 6. Nf3 Be7 7. Nc3 d6 8. h3 a6 9. Bc4 Be6 10. Nd5 Nf6 11. Bb6 Qc8 12. Nc7+ Kd7 13. Bxe6+ fxe6 14. Nxa8 Qxa8 15. Qd3 h6 16. 0-0-0 Qb8 17. a3 Qf8 18. Rhe1 Ne8 19. c4 Bd8 20. Bxd8 Nxd8 21. Nxe5+ 1-0